LEADER 01553nam0 22003493i 450 001 TO00072721 005 20231121125833.0 020 $aIT$b822691 100 $a20051128d1980 ||||0itac50 ba 101 | $aita$cita 102 $ait 181 1$6z01$ai $bxxxe 182 1$6z01$an 200 1 $aStruttura e ruolo del bilancio dello Stato in Italia$fSergio Gambale 210 $aBologna$cil Mulino$d[1980] 215 $a125 p.$d22 cm. 225 | $a˜La œnuova scienza$i. Serie di economia 410 0$1001CFI0000019$12001 $a˜La œnuova scienza$i. Serie di economia 500 10$aStruttura e ruolo del bilancio dello Stato in Italia$3IEI0723177$9CFIV018615$932372 606 $aBilancio statale$xItalia$2FIR$3RMLC063677$9I 676 $a352.4945$9Bilanci. Italia$v21 700 1$aGambale$b, Sergio$3CFIV018615$4070$0128296 801 3$aIT$bIT-01$c20051128 850 $aIT-RM0319 $aIT-RM1164 $aIT-FR0098 899 $aBiblioteca dello Stato Maggiore dell' Aeronautica$bRM0319 899 $aBiblioteca Luca Pacioli Dipartimento Ragioneria$bRM1164 899 $aBiblioteca Area Giuridico Economica$bFR0098 912 $aTO00072721 950 0$aBiblioteca Area Giuridico Economica$d 53CAM 350/5$e 53VM 0000072475 VM barcode:ECO004377. - Inventario:462. - Fondo:Sala consultazioneVM$fA $h19950320$i20121204 977 $a 22$a 40$a 53 996 $aStruttura e ruolo del bilancio dello Stato in Italia$932372 997 $aUNICAS LEADER 01188nam0 22003251i 450 001 RML0307540 005 20231121125749.0 010 $a0130323934 100 $a20121121d2002 ||||0itac50 ba 101 | $aeng 102 $aus 181 1$6z01$ai $bxxxe 182 1$6z01$an 200 1 $aFeedback control of dynamic systems$fGene F. Franklin, J. David Powell, Ebbas Emami-Naeini 205 $a4. ed 210 $aUpper Saddle River $cPrentice Hall $d2002 215 $aXVII,910 p.$d24 cm. 606 $aSistemi di controllo digitali$2FIR$3RMLC380899$9I 676 $a629.83$9$v21 700 1$aFranklin$b, Gene F.$3RMLV170881$030436 701 1$aPowell$b, J.David$3RMLV170880$01444479 701 1$aEmami-Naeini$b, Abbas$3RMLV198235$0287794 801 3$aIT$bIT-01$c20121121 850 $aIT-FR0099 899 $aBiblioteca Area Ingegneristica$bFR0099 912 $aRML0307540 950 0$aBiblioteca Area Ingegneristica$d 54DAE 629.8 FRA/4$e 54VM 0000775915 VM barcode:BAIN004361. - Inventario:310AVM$fA $h20081211$i20121204 977 $a 54 996 $aFeedback control of dynamic systems$93631380 997 $aUNICAS